[Event "Titled Tuesday intern op 08th Aug Early"]
[Site "Chess.com INT"]
[Date "2023.08.08"]
[Round "8"]
[White "Mammadzada, Gunay Vuqar Qizi"]
[Black "Ioannidis, Evgenios"]
[Result "1-0"]
[WhiteElo "2448"]
[BlackElo "2490"]
[PlyCount "61"]
[EventDate "2023.08.08"]
[EventType "swiss (blitz)"]
[EventRounds "11"]
[EventCountry "USA"]
[SourceTitle "EXT 2024"]
[Source "ChessBase"]
[SourceDate "2023.10.10"]
[SourceVersion "1"]
[SourceVersionDate "2023.10.10"]
[SourceQuality "1"]

1. e4 c5 2. Nf3 d6 3. d4 cxd4 4. Nxd4 Nf6 5. Nc3 a6 6. h3 e5 7. Nb3 Be6 8. f4 exf4 9. Bxf4 Nc6 10. Qd2 Be7 11. 0-0-0 Ne5 12. Nd4 Qc7 13. Nf5 Bxf5 14. exf5 0-0 15. g4 Rfc8 16. g5 Nh5 17. Nd5 Qd8 18. h4 Nxf4 19. Qxf4 Bf8 20. f6 Qa5 21. Kb1 g6 22. h5 Qc5 23. c3 gxh5 24. Rxh5 Ng6 25. Qh2 Re8 26. Rxh7 Re5 27. c4 Rxd5 28. cxd5 Rc8 29. Bd3 Qxd5 30. Rh8+ Nxh8 31. Qh7# 1-0

[Event "Pardubice Czech op-A 34th"]
[Site "Pardubice"]
[Date "2023.07.26"]
[Round "6"]
[White "Ioannidis, Evgenios"]
[Black "Itgelt, Khuyagtsogt"]
[Result "1/2-1/2"]
[WhiteElo "2487"]
[BlackElo "2321"]
[PlyCount "77"]
[EventDate "2023.07.21"]
[EventType "swiss"]
[EventRounds "9"]
[EventCountry "CZE"]
[SourceTitle "CBM 215 Extra"]
[Source "ChessBase"]
[SourceDate "2023.09.30"]
[SourceVersion "1"]
[SourceVersionDate "2023.09.30"]
[SourceQuality "1"]

1. d4 Nf6 2. c4 g6 3. Nc3 d5 4. Nf3 Bg7 5. Bg5 c6 6. e3 0-0 7. Rc1 Ne4 8. Bf4 Nxc3 9. bxc3 Qa5 10. Qd2 dxc4 11. Bxc4 Nd7 12. 0-0 e5 13. Bg3 e4 14. Ne1 Nb6 15. Bb3 Nd5 16. Qc2 Bf5 17. c4 Nf6 18. c5 Rfd8 19. h3 h5 20. Qc3 Qxc3 21. Rxc3 Rdc8 22. Nc2 b5 23. cxb6 axb6 24. Be5 Nd5 25. Rxc6 Rxc6 26. Bxd5 Rxc2 27. Bxa8 Bxe5 28. dxe5 Rxa2 29. Bb7 Ra7 30. Bc6 Rc7 31. Ba4 Ra7 32. Bc6 Rc7 33. Ba4 Rc4 34. Ra1 Rb4 35. Bc6 Be6 36. Rd1 Rc4 37. Bb5 Rc5 38. Rb1 Rxe5 39. Ba6 1/2-1/2

[Event "Teplice op"]
[Site "Teplice"]
[Date "2023.06.16"]
[Round "7"]
[White "Kantor, Gergely"]
[Black "Ioannidis, Evgenios"]
[Result "0-1"]
[WhiteElo "2520"]
[BlackElo "2471"]
[PlyCount "78"]
[EventDate "2023.06.10"]
[EventType "swiss"]
[EventRounds "9"]
[EventCountry "CZE"]
[SourceTitle "CBM 214 Extra"]
[Source "ChessBase"]
[SourceDate "2023.07.31"]
[SourceVersion "1"]
[SourceVersionDate "2023.07.31"]
[SourceQuality "1"]

1. d4 d5 2. c4 e6 3. Nc3 Bb4 4. e3 c5 5. a3 Bxc3+ 6. bxc3 Nf6 7. cxd5 exd5 8. Bd3 0-0 9. Ne2 b6 10. 0-0 Ba6 11. f3 Bxd3 12. Qxd3 Re8 13. Ng3 Nc6 14. Bb2 h5 15. Rae1 h4 16. Nf5 h3 17. g4 Ne7 18. Kh1 Rc8 19. Ng3 Qd7 20. g5 Nh7 21. e4 Nxg5 22. e5 cxd4 23. cxd4 Qc6 24. Qe3 Qg6 25. Rg1 Rc2 26. Ne2 Rxb2 27. Rxg5 Qc2 28. Qg1 Qd3 29. Qf1 Rc8 30. Ng3 Qd2 31. Re2 Qxg5 32. f4 Qg4 33. Rxb2 Nf5 34. Rb3 Nxd4 35. Rd3 Rc4 36. f5 Nxf5 37. Nxf5 Rc1 38. Ne7+ Kf8 39. Ng6+ Qxg6 0-1

[Event "Teplice op"]
[Site "Teplice"]
[Date "2023.06.12"]
[Round "3"]
[White "Pasti, Aron"]
[Black "Ioannidis, Evgenios"]
[Result "1-0"]
[WhiteElo "2335"]
[BlackElo "2471"]
[PlyCount "75"]
[EventDate "2023.06.10"]
[EventType "swiss"]
[EventRounds "9"]
[EventCountry "CZE"]
[SourceTitle "CBM 214 Extra"]
[Source "ChessBase"]
[SourceDate "2023.07.31"]
[SourceVersion "1"]
[SourceVersionDate "2023.07.31"]
[SourceQuality "1"]

1. e4 e6 2. d4 d5 3. Nc3 Nf6 4. Bg5 dxe4 5. Nxe4 Be7 6. Bxf6 gxf6 7. Nf3 f5 8. Nc3 a6 9. Qe2 b5 10. 0-0-0 b4 11. Na4 Bb7 12. Nc5 Bd5 13. Ne5 0-0 14. Rg1 Bxc5 15. dxc5 Nc6 16. f4 Nxe5 17. Qxe5 Qh4 18. Be2 f6 19. Qe3 Kh8 20. Bf3 Bxf3 21. Qxf3 Rad8 22. Rde1 Rg8 23. h3 Rg3 24. Qf2 e5 25. fxe5 Qg5+ 26. Kb1 fxe5 27. c6 e4 28. Qc5 f4 29. Qxb4 e3 30. Rgf1 Rxg2 31. Rxf4 Qg7 32. Rf3 a5 33. Qh4 Rgd2 34. a3 R2d4 35. Qh5 Rb8 36. b3 e2 37. Re3 Rbd8 38. Re8+ 1-0

[Event "Titled Tuesday intern op 30th May Early"]
[Site "Chess.com INT"]
[Date "2023.05.30"]
[Round "4"]
[White "Ioannidis, Evgenios"]
[Black "Aggelis, Nikolaos"]
[Result "1-0"]
[WhiteElo "2476"]
[BlackElo "2270"]
[PlyCount "61"]
[EventDate "2023.05.30"]
[EventType "swiss (blitz)"]
[EventRounds "11"]
[EventCountry "USA"]
[SourceTitle "CBM 214 Extra"]
[Source "ChessBase"]
[SourceDate "2023.07.31"]
[SourceVersion "1"]
[SourceVersionDate "2023.07.31"]
[SourceQuality "1"]

1. d4 f5 2. Nc3 Nf6 3. Bg5 d5 4. e3 Nbd7 5. Bd3 e6 6. Nf3 Be7 7. 0-0 0-0 8. Ne2 Ne4 9. Bxe7 Qxe7 10. c4 c6 11. Rc1 Qb4 12. Qc2 b5 13. cxd5 cxd5 14. Qc6 Nb6 15. Qxb5 Qe7 16. Ne5 Bd7 17. Nxd7 Qxd7 18. Qxd7 Nxd7 19. Nf4 Rf6 20. Rc6 Nf8 21. Rfc1 g5 22. Nxd5 exd5 23. Bxe4 Rxc6 24. Bxd5+ Kg7 25. Rxc6 Rd8 26. Rc7+ Kf6 27. Bc4 f4 28. Rxa7 fxe3 29. fxe3 Rc8 30. b3 Ng6 31. Rf7# 1-0

[Event "Titled Tuesday intern op 23rd May Early"]
[Site "Chess.com INT"]
[Date "2023.05.23"]
[Round "1"]
[White "Gatterer, Florian"]
[Black "Ioannidis, Evgenios"]
[Result "0-1"]
[WhiteElo "2170"]
[BlackElo "2476"]
[PlyCount "130"]
[EventDate "2023.05.23"]
[EventType "swiss (blitz)"]
[EventRounds "11"]
[EventCountry "USA"]
[SourceTitle "CBM 214 Extra"]
[Source "ChessBase"]
[SourceDate "2023.07.31"]
[SourceVersion "1"]
[SourceVersionDate "2023.07.31"]
[SourceQuality "1"]

1. b3 e5 2. Bb2 Nc6 3. c4 Nf6 4. Nf3 e4 5. Nd4 Nxd4 6. Bxd4 d5 7. e3 c5 8. Bxf6 Qxf6 9. Nc3 d4 10. Nxe4 Qg6 11. Ng3 h5 12. Qb1 f5 13. Bd3 h4 14. Bxf5 Qf6 15. Bg6+ Kd8 16. Ne2 Bd6 17. 0-0 h3 18. g3 Re8 19. Be4 Kc7 20. Qd3 Rxe4 21. Qxe4 Bf5 22. Qf3 Rf8 23. Nf4 Kb8 24. Nd5 Qg6 25. Nf4 Qf6 26. Nd5 Qe6 27. Nf4 Qd7 28. Nd5 Bg4 29. Qe4 Bf3 30. Qd3 Qg4 31. Rfe1 Be4 32. Qe2 Bf3 33. Qd3 a6 34. e4 Be5 35. a3 Bg2 36. b4 Rf3 37. Qe2 d3 38. Ne3 Qxe4 39. Qd1 Bxa1 40. Qxa1 Rf6 41. bxc5 Qf3 42. Rf1 Bxf1 43. Qxf1 Qh5 44. Qxd3 Qxc5 45. Qd8+ Ka7 46. Qd3 Rd6 47. Qc3 Qd4 48. Qxd4+ Rxd4 49. Nf1 Rxc4 50. f4 Ra4 51. Kf2 Rxa3 52. Ke2 a5 53. Ne3 a4 54. Nf5 Rb3 55. Nxg7 a3 56. Ne6 a2 57. Nc5 Rb1 58. Nd7 a1Q 59. Nb8 Re1+ 60. Kf3 Kxb8 61. Kg4 Qg7+ 62. Kxh3 Rg1 63. d3 Qg6 64. Kh4 Rg2 65. h3 Qxg3+ 0-1